00771cam a2200217 a 450000100100000000500170001000800410002704000290006808200190009710000270011624500610014326000480020430000210025258600400027365000280031365000320034191000340037304900090040795201220041699900150053800000935220200929161550.0850123s1984 cu 001 0 spa  aDO-SdBNPbspacLCdBNPHU aV863.44bR763t1 aRomero, Denzil.92411613aLa tragedia del generalisimo :bnovela /cDenzil Romero. aLa Habana :bCasa de las Américas,c1984. a414 p. ;c20 cm. aPremio Casa de las Américas 1983. 4aNovela venezolana93962 4aLiteratura venezolana93816 aCatalogación por copia / LC aBNGR 001052708MOaGRbGRcCTd2009-09-29iLF1l0oV863.44 R763tp9352-10r2020-06-25w2020-06-25y2ZPréstamo interno c9112d9112